书目信息 |
| 书名: | Archaeology | |
| 作者: | David Hurst Thomas ; illustrations by Dennis O’Brien. | |
| 分册号: | ||
| 分册名: | 出版地: | Fort Worth : |
|
| 出版社: | Holt, Rinehart, and Winston | |
| 出版时间: | c1989. | |
| 页数: | xxx, 694 p. : | |
| 开本: | 25 cm. | |
| 丛书名: | ||
| 中图分类号: | ||
| 科图分类号: | ||
| 其他分类号: | K85 | |
| 主题词: | ||
| 电子资源: | ||
| 000 | 00835pam a2200277 a 450 | |
| 001 | E0760815336 | |
| 005 | 20070322165604.40 | |
| 008 | 881118s1989 txua b 001 0 eng | |
| 010 | @a88034706 | |
| 020 | @a0030199263. | |
| 035 | @A(DLC) 88034706 | |
| 040 | @aDLC@cDLC@dDLC | |
| 050 | 00 | @aCC165@b.T48 1990 |
| 082 | 00 | @a930.1@2 19 |
| 090 | @aK85 | |
| 099 | @dK85@ex2=2 | |
| 100 | 1 | @aThomas, David Hurst. |
| 245 | 10 | @aArchaeology / @cDavid Hurst Thomas ; illustrations by Dennis O’Brien. |
| 250 | @a2nd ed. | |
| 260 | @aFort Worth :@bHolt, Rinehart, and Winston,@cc1989. | |
| 300 | @axxx, 694 p. :@bill. ;@c25 cm. | |
| 500 | @aIncludes index. | |
| 504 | @aBibliography: p. 576-647. | |
| 650 | 0 | @aArchaeology. |
| 906 | @a7@bcbc@corignew@d1@eocip@f19@gy-gencatlg | |
| 991 | @bc-GenColl@hCC165@i.T48 1990@tCopy 1@wBOOKS | |
| Archaeology / / David Hurst Thomas ; illustrations by Dennis O’Brien.-2nd ed.-Fort Worth : : Holt, Rinehart, and Winston, , c1989. |
| xxx, 694 p. : : ill. ; ; 25 cm. |
| Includes index.-Bibliography: p. 576-647. |
| ISBN 0030199263. |
| ● |
| 相关链接 |
|
|
|
|
正题名:Archaeology
索取号:K85/x2=2
 
预约/预借
| 序号 | 登录号 | 条形码 | 馆藏地/架位号 | 状态 | 备注 |
| 1 | 0003848 | 300038484 | 第二样本阅览室/ [索取号:K85/x2=2] | 在馆 | |
| 2 | 0003849 | 300038493 | 第四借阅区/ [索取号:K85/x2=2] | 在馆 | |
| 3 | 0003850 | 300038509 | 第四借阅区/ [索取号:K85/x2=2] | 在馆 |